书目信息 |
| 题名: |
工程经济学
|
|
| 作者: | 刘蒙蒙 , 张璐 , 吴新华 主编 | |
| 分册: | ||
| 出版信息: | 北京 中国建筑工业出版社 2019.7 |
|
| 页数: | 227页 | |
| 开本: | 26cm | |
| 丛书名: | ||
| 单 册: | ||
| 中图分类: | F062.4 | |
| 科图分类: | ||
| 主题词: | 工程经济学--高等学校--教材 | |
| 电子资源: | ||
| ISBN: | 978-7-112-23725-8 | |
| 000 | 00936nam0 2200253 450 | |
| 001 | 0100010621 | |
| 005 | 20190905093951.0 | |
| 010 | @a978-7-112-23725-8@dCNY36.00 | |
| 100 | @a20190903d2019 em y0chiy0110 ea | |
| 101 | 0 | @achi |
| 102 | @aCN@b110000 | |
| 105 | @ay z 000yy | |
| 106 | @ar | |
| 200 | 1 | @a工程经济学@AGong Cheng Jing Ji Xue@f刘蒙蒙,张璐,吴新华主编 |
| 210 | @a北京@c中国建筑工业出版社@d2019.7 | |
| 215 | @a227页@d26cm | |
| 330 | @a本书以教学价值目标为原则,突出工程技术、管理、经济和法律方面的特色,介绍工程经济学的基础理论、方法及其相关研究领域的最新研究成果,并掌握工程经济分析原理和方法,加深学生对工程经济学的基础知识、工程经济分析和决策方法的理解与掌握。 | |
| 606 | 0 | @a工程经济学@x高等学校@j教材 |
| 690 | @aF062.4@v5 | |
| 701 | 0 | @a刘蒙蒙@ALiu Meng Meng@4主编 |
| 701 | 0 | @a张璐@AZhang Lu@4主编 |
| 701 | 0 | @a吴新华@AWu Xin Hua@4主编 |
| 801 | 0 | @aCN@c20190905 |
| 905 | @a河南城建学院图书馆@dF062.4@eL654 | |
| 工程经济学/刘蒙蒙,张璐,吴新华主编.-北京:中国建筑工业出版社,2019.7 |
| 227页;26cm |
| ISBN 978-7-112-23725-8:CNY36.00 |
| 本书以教学价值目标为原则,突出工程技术、管理、经济和法律方面的特色,介绍工程经济学的基础理论、方法及其相关研究领域的最新研究成果,并掌握工程经济分析原理和方法,加深学生对工程经济学的基础知识、工程经济分析和决策方法的理解与掌握。 |
| ● |
| 相关链接 |
|
|
|
正题名:工程经济学
索取号:F062.4/L654
 
预约/预借
| 序号 | 登录号 | 条形码 | 馆藏地/架位号 | 状态 | 备注 |
| 1 | 1438545 | 214385459 | 社科库409/409社科库 65排1列2层/ [索取号:F062.4/L654] | 在馆 | |
| 2 | 1438546 | 214385468 | 社科库409/409社科库 65排1列2层/ [索取号:F062.4/L654] | 在馆 |